000 00508nam a2200205Ia 4500
005 20250508152144.0
008 008 250505s9999 xx 000 0 eng d
037 _aTextual
040 _aFEDL
_beng
_cFEDL
041 _aeng
_2eng
084 _a137, SHA
_qFEDL
100 _aShaffer Shoben
_9760898
245 0 _aPsychology of adjustment
260 _c1955
300 _axxi,672p.
365 _aINR
_b28
650 _aPhilosophy
942 _cTEXL
_h137, SHA
999 _c1334631
_d1334631